Vineet Nayyar Learning Resource Centre

Geographies of Trash (Record no. 19059)

MARC details
000 -LEADER
fixed length control field 00237nam a2200109 i 4500
020 ## - INTERNATIONAL STANDARD BOOK NUMBER
ISBN 9781940291642
100 ## - MAIN ENTRY--AUTHOR NAME
Personal name Ghosn, Rania
245 ## - TITLE STATEMENT
Title Geographies of Trash
260 ## - PUBLICATION, DISTRIBUTION, ETC. (IMPRINT)
Place of publication Barcelona
Name of publisher Actar
Year of publication 2015
300 ## - PHYSICAL DESCRIPTION
Number of Pages 192 p.
082 ## - DEWEY DECIMAL CLASSIFICATION NUMBER
Classification number 720 GHO
Holdings
Collection code Home library Current library Shelving location Date acquired Source of acquisition Cost, normal purchase price Full call number Accession Number Koha item type
Architecture Mahindra University VNLRC Mahindra University VNLRC General Stacks 09/04/2026 SBH 2312.50 720 GHO A0167 Reference